Grün ist die Hoffnung : Eine Pastorale /

Furkejuvvon:
Bibliográfalaš dieđut
Váldodahkki: Boyle, T. Coraghessan (autor)
Materiálatiipa: Girji
Giella:German
Almmustuhtton: Munich, Alemania : Deutscher Taschenbuch, 1990, c1990
Ráidu:(DTV ; 1826)
Fáttát:
Fáddágilkorat: Lasit fáddágilkoriid
Eai fáddágilkorat, Lasit vuosttaš fáddágilkora!

MARC

LEADER 00000nam^a2200000^a^4500
001 000190910
005 20250521000000.0
009 20260310102507.008
020 |a 3-8077-0243-1 
025 |a Donación Lourdes Sierra, 1 ejemplar 
037 |a Acervo ITESO - Biblioteca 
041 |a ALE 
082 |a 813.  |b BOY 
100 |a Boyle, T. Coraghessan  |e (autor) 
245 1 0 |a Grün ist die Hoffnung :  |b Eine Pastorale /  |c T.G. Boyle ; tr. por Werner Richter. 
264 4 |a Munich, Alemania :  |b Deutscher Taschenbuch,  |c 1990, c1990 
300 |a 441 p. 
336 |a texto  |b txt  |2 rdacontenido 
337 |a sin mediación  |b n  |2 rdamedio 
338 |a volumen  |b nc  |2 rdasoporte 
440 1 |a (DTV ;  |v 1826) 
500 |a Traducción de: Budding Prospects: A Pastoral 
649 |a XX 
650 |a Novela Norteamericana 
650 |a Literatura Norteamericana -  |y Siglo XX 
650 |a Marihuana en la Literatura 
650 |a Drogas en la Literatura 
910 |a Fondo General 
920 |a Impresos - Libros 
930 |a Colección General 
940 |a Literatura 
905 |a 101 
901 |a 0500134089  |b IT1  |c LIT  |i D  |u 20250521 
902 |a https://opac.biblio.iteso.mx/vufind/Record/000190910